000
00309 a2200145 4500
001
47480
020
_a
978-85-322-80404
040
_c
Anchieta - Aquarius
240
1
0
_a
Quem sou eu?
_l
por
245
1
0
_a
Quem sou eu?
300
_a
10p.
362
0
_a
2012
650
4
_a
Literatura infanto-juvenil
942
_c
BK
999
_c
47480
_d
47480